| 000 | 01076nam a22002777a 4500 | ||
|---|---|---|---|
| 005 | 20240530110933.0 | ||
| 008 | 220221s2007 ua c g b 000 0 ara d | ||
| 017 | _bمصر. دار الكتب | ||
| 020 | _a9789953870816 | ||
| 040 |
_aEG-CaGPL _cEG-CaGPL |
||
| 082 | 0 | 4 |
_221 _a355.3432 / _bت ج |
| 100 | 0 | 1 | _aتوماس ، غوردون |
| 245 | 1 | 0 |
_aجواسيس جدعون : _bالتاريخ السرى للموساد / _cتاليف توماس ، غوردون ؛ مترجم مروان سعد الدين |
| 260 |
_aبيروت : _bالدار العربية للعلوم - ناشرون، _c2007 |
||
| 300 |
_a592 ص ؛ _c24 سم |
||
| 650 | 0 | 7 |
_aالموساد _2qrmak |
| 650 | 0 | 7 |
_aالعلاقات الافريقية _2qrmak |
| 650 | 0 | 7 |
_aالارهاب الالكترونى _2qrmak |
| 650 | 0 | 7 |
_aرؤساء المؤساد _2qrmak |
| 650 | 0 | 7 |
_aصدام حسين _2qrmak |
| 650 | 0 | 7 |
_aاسامة بن لادن _2qrmak |
| 651 | _2qrmak | ||
| 700 |
_aمروان سعد الدين _eمترجم |
||
| 942 |
_2ddc _cBK |
||
| 999 |
_c66688 _d66688 |
||